Literature of travel and exploration : (Record no. 2643)
[ view plain ]
| 000 -LEADER | |
|---|---|
| fixed length control field | 02043nac a22003611u 4500 |
| 003 - CONTROL NUMBER IDENTIFIER | |
| control field | EG-ScBUE |
| 005 - DATE AND TIME OF LATEST TRANSACTION | |
| control field | 20200112092613.0 |
| 008 - FIXED-LENGTH DATA ELEMENTS--GENERAL INFORMATION | |
| fixed length control field | 200112t2003 nyuab f be 001 0 eng d |
| 020 ## - INTERNATIONAL STANDARD BOOK NUMBER | |
| International Standard Book Number | 157958425X (Volume 1) |
| 020 ## - INTERNATIONAL STANDARD BOOK NUMBER | |
| International Standard Book Number | 9781579584252 (Volume 1) |
| 020 ## - INTERNATIONAL STANDARD BOOK NUMBER | |
| International Standard Book Number | 1579584241 (Volume 2) |
| 020 ## - INTERNATIONAL STANDARD BOOK NUMBER | |
| International Standard Book Number | 9781579584245 (Volume 2) |
| 020 ## - INTERNATIONAL STANDARD BOOK NUMBER | |
| International Standard Book Number | 1579584403 (Volume 3) |
| 020 ## - INTERNATIONAL STANDARD BOOK NUMBER | |
| International Standard Book Number | 9781579584405 (Volume 3) |
| 040 ## - CATALOGING SOURCE | |
| Original cataloging agency | EG-ScBUE |
| Language of cataloging | eng |
| Description conventions | rda |
| Transcribing agency | EG-ScBUE |
| Modifying agency | EG-ScBUE |
| 082 04 - DEWEY DECIMAL CLASSIFICATION NUMBER | |
| Classification number | 910.403 |
| Item number | LIT |
| Edition number | 22 |
| 245 00 - TITLE STATEMENT | |
| Title | Literature of travel and exploration : |
| Remainder of title | an encyclopedia / |
| Statement of responsibility, etc | Jennifer Speake, editor. |
| 264 #1 - PUBLICATION, DISTRIBUTION, ETC. (IMPRINT) | |
| Place of publication, distribution, etc | New York ; |
| -- | London : |
| Name of publisher, distributor, etc | Fitzroy Dearborn, |
| Date of publication, distribution, etc | [2003] |
| 264 #4 - PUBLICATION, DISTRIBUTION, ETC. (IMPRINT) | |
| Date of publication, distribution, etc | c 2003 |
| 300 ## - PHYSICAL DESCRIPTION | |
| Extent | 3 volumes : |
| Other physical details | illustrations, maps ; |
| Dimensions | 29 cm |
| 336 ## - CONTENT TYPE | |
| Source | rdacontent |
| Content type term | text |
| Content type code | txt |
| 337 ## - MEDIA TYPE | |
| Source | rdamedia |
| Media type term | unmediated |
| Media type code | n |
| 338 ## - CARRIER TYPE | |
| Source | rdacarrier |
| Carrier type term | volume |
| Carrier type code | nc |
| 504 ## - BIBLIOGRAPHY, ETC. NOTE | |
| Bibliography, etc | Includes bibliographical references and index. |
| 505 0# - FORMATTED CONTENTS NOTE | |
| Formatted contents note | Volume 1. A-F -- Volume 2. G-P -- Volume 3. R-Z. |
| 520 ## - SUMMARY, ETC. | |
| Summary, etc | "Connoisseurs of travel writing and those planning a trip will delight in this new encyclopedia. Entries describe journeys, voyages, and routes; world travelers and their writings in diaries, letters, logbooks, and postcards; remarkable destinations; geographers and cartographers; and contemporary travel writers and their works. Author entries include biographical profiles. Each entry is complete with a list of references and further readings. Volume one contains two listings that are useful for browsing the three-volume set -- an alphabetical listing of entries and a thematic list of entries. Volume three has a bibliography of all works and articles referenced in the entries as well as a general index."--"The Top 20 Reference Titles of the Year," American Libraries, May 2004. |
| 650 #7 - SUBJECT ADDED ENTRY--TOPICAL TERM | |
| Topical term or geographic name as entry element | Travel writing |
| Form subdivision | Encyclopedias. |
| Source of heading or term | BUEsh |
| 650 #7 - SUBJECT ADDED ENTRY--TOPICAL TERM | |
| Topical term or geographic name as entry element | Voyages and travels |
| Form subdivision | Encyclopedias. |
| Source of heading or term | BUEsh |
| 653 ## - INDEX TERM--UNCONTROLLED | |
| Resource For college | Humanities: English |
| Arrived date list | January2020 |
| 655 ## - INDEX TERM--GENRE/FORM | |
| Form subdivision | Reading book |
| 700 1# - ADDED ENTRY--PERSONAL NAME | |
| Personal name | Speake, Jennifer, |
| Relator term | editor. |
| 942 ## - ADDED ENTRY ELEMENTS (KOHA) | |
| Koha item type | Reference (NB) |
| Call number prefix | 910.403 LIT |
| Source of classification or shelving scheme | Dewey Decimal Classification |
| Withdrawn status | Lost status | Source of classification or shelving scheme | Damaged status | Not for loan | Collection code | Home library | Current library | Shelving location | Date acquired | Source of acquisition | Total Checkouts | Full call number | Barcode | Date last seen | Date checked out | Price effective from | Koha item type | Public note |
|---|---|---|---|---|---|---|---|---|---|---|---|---|---|---|---|---|---|---|
| Dewey Decimal Classification | Baccah | Central Library | Central Library | Second Floor | 11/04/2007 | Purchase | 1 | 910.403 LIT | 000001773 | 15/07/2025 | 22/10/2013 | 27/02/2007 | Reference (NB) | Volume 1 | ||||
| Dewey Decimal Classification | Baccah | Central Library | Central Library | Second Floor | 11/04/2007 | Purchase | 910.403 LIT | 000001769 | 15/07/2025 | 27/02/2007 | Reference (NB) | Volume 2 | ||||||
| Dewey Decimal Classification | Baccah | Central Library | Central Library | Second Floor | 11/04/2007 | Purchase | 910.403 LIT | 000001768 | 15/07/2025 | 27/02/2007 | Reference (NB) | Volume 3 |